| 000 | 00891nas a2200289 4500 | ||
|---|---|---|---|
| 001 | BR7801519 | ||
| 003 | BR-BrBNA | ||
| 005 | 20231205083355.0 | ||
| 007 | ta | ||
| 008 | 230509b bl.|||p| |||| 00| 00por d | ||
| 040 |
_aBR-BrBNA _bpor _cBiblioteca Nacional de Agricultura |
||
| 041 | _a(Pt) | ||
| 072 | _aQ10 | ||
| 100 | 1 | _aBleinroth, E.W. | |
| 100 | 1 | _aGarcia, J.L.M. | |
| 100 | 1 | _aShirose, I. | |
| 100 | 1 | _aCarvalho, A.M. | |
| 245 | 1 | _aConservacao de variedades de abacate por refrigeracao e em atmosfera controlada [Persea gratissima] | |
| 650 | _aTECNOLOGIA DE ALIMENTO | ||
| 650 | _aABACATE | ||
| 650 | _aCONSERVA | ||
| 650 | _aVARIEDADE | ||
| 650 | _aREFRIGERACAO | ||
| 773 | 0 |
_tColetanea do Instituto de Tecnologia de Alimentos (Brazil) _xISSN 0100-350X _g(1977), v. 8 (pt. 2) p. 587-622 _wBR7801519 |
|
| 909 |
_a202311 _bLúcia _c55 _dLúcia Elande |
||
| 942 |
_2AGRIS _n0 _cANA |
||
| 999 |
_c98303 _d98303 |
||